Discoveries : reading,thinking,writing
| Main Author: | |
|---|---|
| Format: | Book |
| Published: |
Boston :
Heinle & Heinle Publishers ,
1992
|
| Subjects: |
MARC
| LEADER | 00000cam a2200000 7i4500 | ||
|---|---|---|---|
| 001 | 0000005812 | ||
| 002 | 000006284 | ||
| 005 | 20000330.0 | ||
| 020 | |a 0838423868 | ||
| 090 | 0 | 0 | |a 808.042 |b KOS |
| 100 | 1 | |a Koshi, Anne K | |
| 245 | 1 | 0 | |a Discoveries : |b reading,thinking,writing |c Anne K.Koshi |
| 260 | |a Boston : |b Heinle & Heinle Publishers , |c 1992 | ||
| 300 | |a 333p. ; |c 23cm. | ||
| 650 | 0 | 0 | |a English language |x Rhetoric |
| 999 | |a 037767 |b BUKU |c PINJAMAN |e PERPUSTAKAAN KOMUNITI PETALING JAYA | ||